Contribución a la geología sísmica de Chile
Guardat en:
| Autor principal: | |
|---|---|
| Format: | Llibre |
| Idioma: | espanyol |
| Publicat: |
Santiago
Imprenta Universitaria
1944
|
| Edició: | 1a. ed |
| Matèries: | |
| Etiquetes: |
Afegir etiqueta
Sense etiquetes, Sigues el primer a etiquetar aquest registre!
|
MARC
| LEADER | 00000nam a2200000 a 4500 | ||
|---|---|---|---|
| 001 | UCJ7206 | ||
| 003 | CL-VaPUC | ||
| 008 | 070124e19440000CL |||||||||||||||||spa|d | ||
| 082 | 0 | 4 | |a 551 |b BRU |2 21 |
| 100 | |a Bruggen, Juan |e author |9 362414 | ||
| 245 | 1 | 0 | |a Contribución a la geología sísmica de Chile |
| 250 | |a 1a. ed | ||
| 300 | |a 132 p | ||
| 942 | |c BK | ||
| 945 | |d 20070124 00:00:00 |a rinostro | ||
| 260 | |a Santiago |b Imprenta Universitaria |c 1944 | ||
| 500 | |a 8§, rústica.- Anteport.- v. en b.- Portada a dos tintas.- v. en b.- Mapas e ilustraciones, sin indizar | ||
| 650 | 0 | |a Geología |9 260984 | |
| 650 | 0 | |a Sismología |9 268106 | |
| 650 | 0 | |a Maremotos |9 343097 | |
| 650 | 7 | |a TEMBLORES Y TERREMOTOS |2 CL-VaPUC |9 513073 | |
| 650 | 0 | |a Mapas |9 260844 | |
| 583 | |a last modification |c 20070124 00:00:00 |k Rodrigo Vera | ||
| 999 | |c 323302 |d 323300 | ||
| 952 | |0 0 |1 0 |4 0 |6 551_000000000000000_BRU_1944 |7 0 |8 X |9 402801 |a FDOBUD |b FDOBUD |d 2019-11-22 |i 1059904 |o 551 BRU 1944 |p 1059904 |r 2019-11-22 |w 2019-11-22 |y BK_X |k BUD | ||